000 00442pab a2200169 454500
008 180718b2007 xxu||||| |||| 00| 0 eng d
100 _aRoy Chowdhury, Supriya
245 _aThe intellectual-left stand-off
260 _c2007
300 _ap.1077-078.
362 _a31 Mar
650 _aAgricultural land - India - West Bengal
650 _aAgricultural land
773 _aEconomic and Political Weekly
908 _aN
909 _a73667
999 _c73667
_d73667